[Event "Vojvodina-ch 6th"]
[Site "Novi Sad"]
[Date "2015.07.26"]
[Round "3"]
[White "Srdjanov, Stevan"]
[Black "Desnica, Vladan"]
[Result "1/2-1/2"]
[WhiteElo "2123"]
[BlackElo "2253"]
[PlyCount "64"]
[EventDate "2015.07.25"]
[EventType "swiss"]
[EventRounds "9"]
[EventCountry "YUG"]
[SourceTitle "CBM 167 Extra"]
[Source "ChessBase"]
[SourceDate "2015.09.14"]
[SourceVersion "1"]
[SourceVersionDate "2015.09.14"]
[SourceQuality "1"]

1. e4 e5 2. Nf3 Nc6 3. d3 g6 4. h4 Nf6 5. Be2 h6 6. c3 d5 7. Nbd2 Be6 8. Qa4 Qd7 9. b4 Ng4 10. Bb2 Bg7 11. Nb3 b6 12. d4 Ne7 13. Qxd7+ Bxd7 14. exd5 Nxd5 15. Nxe5 Nxe5 16. dxe5 Nf4 17. Bf3 0-0-0 18. 0-0-0 Bxe5 19. g3 Ne6 20. Rhe1 Bg7 21. c4 Bxb2+ 22. Kxb2 Rhe8 23. Kc3 c6 24. Re3 Kc7 25. Rde1 Bc8 26. a4 Ng7 27. Re7+ Rxe7 28. Rxe7+ Rd7 29. Rxd7+ Bxd7 30. c5 Be6 31. Nd4 bxc5 32. bxc5 Bd7 1/2-1/2

[Event "Vojvodina-ch 6th"]
[Site "Novi Sad"]
[Date "2015.07.25"]
[Round "2"]
[White "Lundin, Jan"]
[Black "Srdjanov, Stevan"]
[Result "1/2-1/2"]
[WhiteElo "2245"]
[BlackElo "2123"]
[PlyCount "64"]
[EventDate "2015.07.25"]
[EventType "swiss"]
[EventRounds "9"]
[EventCountry "YUG"]
[SourceTitle "CBM 167 Extra"]
[Source "ChessBase"]
[SourceDate "2015.09.14"]
[SourceVersion "1"]
[SourceVersionDate "2015.09.14"]
[SourceQuality "1"]

1. e4 d6 2. Nc3 Nf6 3. f4 g6 4. Nf3 Bg7 5. g3 c5 6. d3 Nc6 7. Bg2 0-0 8. 0-0 Rb8 9. Rb1 b5 10. a3 a5 11. Kh1 b4 12. axb4 axb4 13. Nd5 e6 14. Ne3 Nd4 15. g4 Bb7 16. Bd2 Nxf3 17. Bxf3 d5 18. e5 Nd7 19. g5 Qe7 20. Ng4 Rfd8 21. Ra1 Ra8 22. Qe2 Nb6 23. Qg2 Rxa1 24. Rxa1 Ra8 25. Rxa8+ Bxa8 26. Be3 Qf8 27. c3 bxc3 28. bxc3 Na4 29. c4 Nb6 30. Bd2 dxc4 31. Bxa8 Nxa8 32. dxc4 Nb6 1/2-1/2

[Event "Gligoric Cup 3rd"]
[Site "Kraljevo"]
[Date "2015.05.21"]
[Round "6.4"]
[White "Srdjanov, Stevan"]
[Black "Zlatanovic, Boroljub"]
[Result "1/2-1/2"]
[WhiteElo "2134"]
[BlackElo "2378"]
[PlyCount "87"]
[EventDate "2015.05.16"]
[EventType "team-swiss"]
[EventRounds "7"]
[EventCountry "SRB"]
[SourceTitle "CBM 166 Extra"]
[Source "ChessBase"]
[SourceDate "2015.06.18"]
[SourceVersion "1"]
[SourceVersionDate "2015.06.18"]
[SourceQuality "1"]
[WhiteTeam "Srbobran"]
[BlackTeam "Kragujevac Radnicki"]
[WhiteTeamCountry "SRB"]
[BlackTeamCountry "SRB"]

1. Nf3 g6 2. c4 Bg7 3. Nc3 d6 4. g3 e5 5. d4 Nc6 6. dxe5 Nxe5 7. Nxe5 Bxe5 8. Bg2 Ne7 9. Bg5 f6 10. Bc1 f5 11. Bg5 h6 12. Bd2 Bg7 13. Qc1 c6 14. 0-0 Be6 15. b3 Qc7 16. Rd1 g5 17. Be3 Ng6 18. Qd2 Rd8 19. Bxa7 0-0 20. Bd4 f4 21. a4 Ne5 22. a5 Qf7 23. a6 bxa6 24. Rxa6 f3 25. Ra7 Rd7 26. Rxd7 Bxd7 27. Bxe5 Bxe5 28. exf3 Be6 29. Ne4 Rd8 30. Nc5 Bf5 31. f4 gxf4 32. Bxc6 Kh8 33. Nb7 Rg8 34. Nxd6 Qh5 35. Nxf5 Qxf5 36. Qd5 Qf6 37. Qf3 Bd4 38. Kg2 Rf8 39. b4 Bxf2 40. g4 Be3 41. b5 Rg8 42. Rd5 Qh4 43. h3 Qf6 44. Kh1 1/2-1/2

[Event "Gligoric Cup 3rd"]
[Site "Kraljevo"]
[Date "2015.05.20"]
[Round "5.3"]
[White "Djosic, Slavoljub"]
[Black "Srdjanov, Stevan"]
[Result "1-0"]
[WhiteElo "2263"]
[BlackElo "2134"]
[PlyCount "56"]
[EventDate "2015.05.16"]
[EventType "team-swiss"]
[EventRounds "7"]
[EventCountry "SRB"]
[SourceTitle "CBM 166 Extra"]
[Source "ChessBase"]
[SourceDate "2015.06.18"]
[SourceVersion "1"]
[SourceVersionDate "2015.06.18"]
[SourceQuality "1"]
[WhiteTeam "Kosovska Mitrovica"]
[BlackTeam "Srbobran"]
[WhiteTeamCountry "SRB"]
[BlackTeamCountry "SRB"]

1. e4 g6 2. d4 Bg7 3. Nc3 d6 4. f4 Nf6 5. Nf3 0-0 6. e5 Nfd7 7. h4 c5 8. h5 cxd4 9. Qxd4 dxe5 10. Qf2 exf4 11. hxg6 hxg6 12. Bd2 e5 13. 0-0-0 Nc6 14. g3 Nf6 15. gxf4 e4 16. Ng5 Bg4 17. Be2 Bxe2 18. Qxe2 Re8 19. Be3 Qe7 20. f5 gxf5 21. Rdf1 Qe5 22. Bf4 Qc5 23. Qh2 Rad8 24. Rfg1 Ne5 25. Ncxe4 Qxg1+ 26. Rxg1 Nfg4 27. Qh5 Nf3 28. Rxg4 fxg4 1-0

[Event "Gligoric Cup 3rd"]
[Site "Kraljevo"]
[Date "2015.05.19"]
[Round "4.5"]
[White "Srdjanov, Stevan"]
[Black "Skoko, Milan"]
[Result "1/2-1/2"]
[WhiteElo "2134"]
[BlackElo "2154"]
[PlyCount "29"]
[EventDate "2015.05.16"]
[EventType "team-swiss"]
[EventRounds "7"]
[EventCountry "SRB"]
[SourceTitle "CBM 166 Extra"]
[Source "ChessBase"]
[SourceDate "2015.06.18"]
[SourceVersion "1"]
[SourceVersionDate "2015.06.18"]
[SourceQuality "1"]
[WhiteTeam "Srbobran"]
[BlackTeam "Stara Pazova"]
[WhiteTeamCountry "SRB"]
[BlackTeamCountry "SRB"]

1. e4 c5 2. Nf3 Nc6 3. d3 g6 4. c3 Bg7 5. Nbd2 d6 6. Be2 e6 7. 0-0 Nge7 8. Re1 0-0 9. Bf1 Rb8 10. a4 a5 11. Nc4 e5 12. Qb3 h6 13. Qb6 Be6 14. Qxd8 Rfxd8 15. Be3 1/2-1/2

[Event "Gligoric Cup 3rd"]
[Site "Kraljevo"]
[Date "2015.05.16"]
[Round "1.5"]
[White "Dimitrijevic, Nenad"]
[Black "Srdjanov, Stevan"]
[Result "1-0"]
[WhiteElo "2208"]
[BlackElo "2134"]
[PlyCount "73"]
[EventDate "2015.05.16"]
[EventType "team-swiss"]
[EventRounds "7"]
[EventCountry "SRB"]
[SourceTitle "CBM 166 Extra"]
[Source "ChessBase"]
[SourceDate "2015.06.18"]
[SourceVersion "1"]
[SourceVersionDate "2015.06.18"]
[SourceQuality "1"]
[WhiteTeam "Novi Banovci Omladinac"]
[BlackTeam "Srbobran"]
[WhiteTeamCountry "SRB"]
[BlackTeamCountry "SRB"]

1. e4 g6 2. d4 Bg7 3. Nc3 d6 4. f4 Nf6 5. Nf3 0-0 6. Bd3 Nc6 7. e5 dxe5 8. dxe5 Nh5 9. 0-0 Bh6 10. Ne2 Bf5 11. Bxf5 Qxd1 12. Rxd1 gxf5 13. c3 Rfd8 14. Be3 e6 15. Kf2 a6 16. h3 Bf8 17. g4 Ng7 18. Ng3 Ne7 19. Rxd8 Rxd8 20. Rg1 fxg4 21. hxg4 Nd5 22. Rh1 f6 23. c4 Nxe3 24. Kxe3 fxe5 25. Nxe5 Bc5+ 26. Kf3 Bd6 27. Rd1 Be7 28. Rxd8+ Bxd8 29. Ne2 Be7 30. Nd4 Bf6 31. Ke4 Bxe5 32. Kxe5 Kf7 33. b4 Ke7 34. a4 b6 35. Nc6+ Kf7 36. a5 bxa5 37. bxa5 1-0

[Event "Gligoric Cup 2nd"]
[Site "Kragujevac"]
[Date "2014.12.07"]
[Round "2.4"]
[White "Grcic, Vukasin"]
[Black "Srdjanov, Stevan"]
[Result "0-1"]
[WhiteElo "1815"]
[BlackElo "2130"]
[PlyCount "50"]
[EventDate "2014.12.06"]
[EventType "team-tourn"]
[EventRounds "9"]
[EventCountry "SRB"]
[SourceTitle "CBM 164 Extra"]
[Source "ChessBase"]
[SourceDate "2015.03.02"]
[SourceVersion "1"]
[SourceVersionDate "2015.03.02"]
[SourceQuality "1"]
[WhiteTeam "Banovci Dunav"]
[BlackTeam "Srbobran"]
[WhiteTeamCountry "SRB"]
[BlackTeamCountry "SRB"]

1. d4 g6 2. c4 Bg7 3. Nc3 Nf6 4. Nf3 0-0 5. e4 d6 6. h3 e5 7. d5 Nbd7 8. Be3 Nc5 9. Qc2 a5 10. 0-0-0 Nh5 11. Nd2 f5 12. Bxc5 dxc5 13. g3 Nf6 14. Bd3 Ne8 15. exf5 gxf5 16. g4 e4 17. Be2 Nd6 18. gxf5 Bxf5 19. Ncxe4 Nxe4 20. Nxe4 Bxe4 21. Qxe4 Rxf2 22. Rdf1 Qg5+ 23. Kb1 Qd2 24. Qc2 Qxc2+ 25. Kxc2 Rxe2+ 0-1

[Event "Vojvodina-ch 5th"]
[Site "Novi Sad"]
[Date "2014.07.14"]
[Round "4"]
[White "Erdogdu, Mert"]
[Black "Srdjanov, Stevan"]
[Result "1-0"]
[WhiteElo "2423"]
[BlackElo "2131"]
[PlyCount "65"]
[EventDate "2014.07.12"]
[EventType "swiss"]
[EventRounds "9"]
[EventCountry "YUG"]
[SourceTitle "CBM 161 Extra"]
[Source "ChessBase"]
[SourceDate "2014.08.29"]
[SourceVersion "1"]
[SourceVersionDate "2014.08.29"]
[SourceQuality "1"]

1. e4 d6 2. d4 Nf6 3. Nc3 g6 4. Bg5 Bg7 5. Qd2 h6 6. Bh4 g5 7. Bg3 Nh5 8. 0-0-0 Nc6 9. Nge2 e6 10. f3 Nxg3 11. hxg3 Bd7 12. Qe3 a6 13. g4 b5 14. Ng3 Kf8 15. Nh5 e5 16. dxe5 Nxe5 17. Nd5 Be6 18. Qc3 Bxd5 19. exd5 Bf6 20. Qe1 Ng6 21. g3 Rh7 22. Rh2 Bh8 23. Bd3 Be5 24. Bf5 Rh8 25. Qe4 Ne7 26. f4 Bg7 27. Re1 Ng8 28. Qe3 a5 29. a3 b4 30. a4 gxf4 31. gxf4 Nf6 32. Nxg7 Kxg7 33. Qd4 1-0

[Event "Backa Topola-ch"]
[Site "Backa Topola"]
[Date "2012.12.05"]
[Round "8"]
[White "Vranic, Ljubomir"]
[Black "Srdjanov, Stevan"]
[Result "1/2-1/2"]
[WhiteElo "2196"]
[BlackElo "2159"]
[PlyCount "109"]
[EventDate "2012.11.19"]
[EventType "swiss"]
[EventRounds "9"]
[EventCountry "SRB"]
[SourceTitle "EXT 2014"]
[Source "ChessBase"]
[SourceDate "2013.11.20"]
[SourceVersion "1"]
[SourceVersionDate "2013.11.20"]
[SourceQuality "1"]

1. e4 e5 2. Nf3 d6 3. d4 Nd7 4. Bc4 Be7 5. dxe5 Nxe5 6. Nxe5 dxe5 7. Qh5 g6 8. Qxe5 Nf6 9. Bh6 Qd6 10. Qxd6 cxd6 11. f3 Be6 12. Bb5+ Kd8 13. Nc3 Kc7 14. 0-0-0 Rhd8 15. Ba4 a6 16. Rhe1 Nd7 17. Bf4 Nc5 18. Bb3 Nxb3+ 19. axb3 g5 20. Bg3 h5 21. h3 Bf8 22. Nd5+ Kc6 23. Re3 b5 24. Rc3+ Kb7 25. Rc7+ Kb8 26. Rc6 Bxd5 27. Rxd5 Kb7 28. Rc3 f6 29. Rcd3 Kc7 30. h4 Be7 31. c4 Kc6 32. Kc2 Rac8 33. Rc3 bxc4 34. bxc4 Rg8 35. hxg5 fxg5 36. b4 h4 37. Be1 Kb7 38. Kb3 g4 39. fxg4 Rxg4 40. Rh5 Rxe4 41. Bf2 Rg4 42. Rh7 Rc7 43. g3 Bf6 44. Rxc7+ Kxc7 45. Rf3 hxg3 46. Bxg3 Bh4 47. Bf4 Bg5 48. Bxg5 Rxg5 49. Rf7+ Kc6 50. Rf4 Rg3+ 51. Ka4 Rg5 52. Rf6 Kc7 53. Rf4 Kc6 54. Rf6 Kc7 55. Rf4 1/2-1/2

[Event "Backa Topola-ch"]
[Site "Backa Topola"]
[Date "2012.11.23"]
[Round "3"]
[White "Srdjanov, Stevan"]
[Black "Toth, Matyas"]
[Result "1-0"]
[WhiteElo "2159"]
[BlackElo "2088"]
[PlyCount "63"]
[EventDate "2012.11.19"]
[EventType "swiss"]
[EventRounds "9"]
[EventCountry "SRB"]
[SourceTitle "EXT 2014"]
[Source "ChessBase"]
[SourceDate "2013.11.20"]
[SourceVersion "1"]
[SourceVersionDate "2013.11.20"]
[SourceQuality "1"]

1. Nf3 f5 2. g3 g6 3. c4 Bg7 4. Nc3 e5 5. d3 Nc6 6. Bg2 Nf6 7. 0-0 0-0 8. Rb1 d6 9. Nd5 h6 10. b4 Ne7 11. Nxf6+ Rxf6 12. b5 Bd7 13. a4 g5 14. Bb2 Ng6 15. Qc2 g4 16. Nd2 c6 17. d4 Qe7 18. a5 cxb5 19. Bxb7 Rb8 20. a6 bxc4 21. Nxc4 f4 22. Ba3 Rbf8 23. dxe5 Nxe5 24. Nxe5 Qxe5 25. Bb2 Qg5 26. Bxf6 Rxf6 27. Qc7 Bf5 28. Qb8+ Bf8 29. Qxa7 d5 30. Qd4 Be6 31. a7 f3 32. a8Q 1-0

[Event "Backa Topola-ch"]
[Site "Backa Topola"]
[Date "2012.11.21"]
[Round "2"]
[White "Vadoc, Karolj"]
[Black "Srdjanov, Stevan"]
[Result "1/2-1/2"]
[WhiteElo "1976"]
[BlackElo "2159"]
[PlyCount "87"]
[EventDate "2012.11.19"]
[EventType "swiss"]
[EventRounds "9"]
[EventCountry "SRB"]
[SourceTitle "EXT 2014"]
[Source "ChessBase"]
[SourceDate "2013.11.20"]
[SourceVersion "1"]
[SourceVersionDate "2013.11.20"]
[SourceQuality "1"]

1. e4 d6 2. d4 Nf6 3. Nc3 g6 4. Be3 c6 5. Qd2 b5 6. Bd3 Nbd7 7. Nf3 e5 8. Ne2 Bb7 9. Ng3 Qe7 10. h3 a6 11. dxe5 Nxe5 12. Nxe5 dxe5 13. f3 Nd7 14. c3 Nc5 15. Bc2 Rd8 16. Qe2 Ne6 17. 0-0 Bg7 18. Rfd1 0-0 19. Rxd8 Rxd8 20. Rd1 Bf8 21. Rxd8 Qxd8 22. Qd2 Qxd2 23. Bxd2 Bc5+ 24. Kf1 Kf8 25. Ne2 Ke7 26. Nc1 f6 27. Nd3 Bb6 28. Ke2 Kd6 29. g3 Bc8 30. h4 Nc5 31. Nxc5 Bxc5 32. Be3 Be6 33. Bxc5+ Kxc5 34. a3 a5 35. Kd2 a4 36. Ke3 Bc4 37. Kd2 Kd6 38. Ke3 h6 39. Bb1 Kc5 40. Bc2 Bf7 41. Bd3 Bc4 42. Bc2 Kb6 43. Bb1 Kc5 44. Bc2 1/2-1/2

[Event "Vojvodina-ch 2nd"]
[Site "Novi Sad"]
[Date "2011.07.26"]
[Round "4"]
[White "Indjic, Aleksandar"]
[Black "Srdjanov, Stevan"]
[Result "1/2-1/2"]
[WhiteElo "2373"]
[BlackElo "2203"]
[PlyCount "127"]
[EventDate "2011.07.24"]
[EventType "swiss"]
[EventRounds "9"]
[EventCountry "SRB"]
[SourceTitle "CBM 143 Extra"]
[Source "ChessBase"]
[SourceDate "2011.08.29"]
[SourceVersion "1"]
[SourceVersionDate "2011.08.29"]
[SourceQuality "1"]

1. d4 Nf6 2. Bg5 d6 3. Bxf6 exf6 4. Nf3 g6 5. e3 Bg7 6. Bc4 0-0 7. Nbd2 b6 8. c3 Bb7 9. h4 d5 10. Bd3 c5 11. Qe2 Nc6 12. h5 cxd4 13. Nxd4 Nxd4 14. cxd4 f5 15. Qf3 Re8 16. 0-0-0 a5 17. Kb1 Ba6 18. Bxa6 Rxa6 19. Rc1 Qd6 20. Qe2 Raa8 21. Qb5 f4 22. Rc6 Qd7 23. exf4 Rac8 24. Rxb6 Qf5+ 25. Ka1 Qxf4 26. hxg6 hxg6 27. Nb3 Bxd4 28. Rc6 Qxf2 29. Rxg6+ fxg6 30. Qxd5+ Kg7 31. Qd7+ Kf6 32. Qxd4+ Qxd4 33. Nxd4 Re4 34. Nf3 Rc2 35. Rf1 Kg7 36. g3 Rg2 37. a3 Rxg3 38. Nd2 Rd4 39. Nb1 Rg2 40. Nc3 g5 41. Rf5 g4 42. Rxa5 g3 43. Re5 Kf6 44. Re3 Kf5 45. Re8 Rf2 46. Ne2 Rxe2 47. Rxe2 Kf4 48. Ka2 Kf3 49. Re1 Re4 50. Rc1 Kf2 51. Kb3 g2 52. a4 Re1 53. Rc2+ Re2 54. Rc1 Re1 55. Rc2+ Kf3 56. Rxg2 Kxg2 57. a5 Kf3 58. Kc4 Ke4 59. Kc5 Rc1+ 60. Kb6 Rb1 61. a6 Rxb2+ 62. Kc7 Ra2 63. Kb7 Rxa6 64. Kxa6 1/2-1/2

[Event "Vojvodina-ch 2nd"]
[Site "Novi Sad"]
[Date "2011.07.25"]
[Round "3"]
[White "Srdjanov, Stevan"]
[Black "Kislik, Erik Andrew"]
[Result "1-0"]
[WhiteElo "2203"]
[BlackElo "2328"]
[PlyCount "95"]
[EventDate "2011.07.24"]
[EventType "swiss"]
[EventRounds "9"]
[EventCountry "SRB"]
[SourceTitle "CBM 143 Extra"]
[Source "ChessBase"]
[SourceDate "2011.08.29"]
[SourceVersion "1"]
[SourceVersionDate "2011.08.29"]
[SourceQuality "1"]

1. Nf3 c5 2. d3 d5 3. Nbd2 Nf6 4. e4 e6 5. g3 Nc6 6. Bg2 Be7 7. 0-0 0-0 8. Re1 b5 9. e5 Nd7 10. Nf1 a5 11. h4 b4 12. Bf4 a4 13. a3 bxa3 14. bxa3 Ba6 15. N1h2 Rb8 16. Ng4 Nd4 17. Ne3 Nxf3+ 18. Bxf3 d4 19. Nc4 Bxc4 20. dxc4 Qc7 21. Be4 Rfc8 22. Bd3 Rb2 23. h5 Rcb8 24. Qg4 Qd8 25. Bh6 Bf8 26. Bxg7 Bxg7 27. h6 Qf8 28. Qe4 f5 29. exf6 Nxf6 30. Qxe6+ Qf7 31. hxg7 Kxg7 32. Qd6 Qf8 33. Re7+ Kh8 34. Qxc5 Rb1+ 35. Rxb1 Rxb1+ 36. Kg2 Re1 37. Re5 Qxc5 38. Rxc5 Ra1 39. Rc7 Rxa3 40. Rf7 Ng4 41. Rxh7+ Kg8 42. Ra7 Ne5 43. Be4 Kf8 44. c5 Nc4 45. Bd5 Nb2 46. c6 Rc3 47. c7 Ke8 48. Be6 1-0

[Event "Senta January op"]
[Site "Senta"]
[Date "2011.02.05"]
[Round "6"]
[White "Agoston, Aron"]
[Black "Srdjanov, Stevan"]
[Result "0-1"]
[WhiteElo "2017"]
[BlackElo "2211"]
[PlyCount "70"]
[EventDate "2011.01.21"]
[EventType "swiss"]
[EventRounds "9"]
[EventCountry "SRB"]
[SourceTitle "CBM 140 Extra"]
[Source "ChessBase"]
[SourceDate "2011.03.01"]
[SourceVersion "1"]
[SourceVersionDate "2011.03.01"]
[SourceQuality "1"]

1. e4 g6 2. d4 Bg7 3. c3 d6 4. Bc4 Nf6 5. Qe2 e5 6. dxe5 dxe5 7. Nf3 Qe7 8. 0-0 0-0 9. Rd1 h6 10. b4 b6 11. b5 Nbd7 12. Ba3 Nc5 13. Qe3 Bb7 14. Bxc5 bxc5 15. Nbd2 Rfd8 16. Ne1 Bf8 17. Nd3 Nd7 18. a4 c6 19. Nb3 Nb6 20. Na5 Nxc4 21. Nxc4 f6 22. Na5 cxb5 23. axb5 Rab8 24. c4 Rd4 25. f3 Rbd8 26. Nb2 Ba8 27. Nb3 Rxd1+ 28. Rxd1 Rxd1+ 29. Nxd1 f5 30. exf5 gxf5 31. Nb2 f4 32. Qd2 e4 33. Qxf4 exf3 34. Qg3+ Kh7 35. Nd1 Qe2 0-1

[Event "Vojvodina-ch 1st"]
[Site "Novi Sad"]
[Date "2010.07.31"]
[Round "8"]
[White "Saric, Sinisa"]
[Black "Srdjanov, Stevan"]
[Result "1-0"]
[WhiteElo "2447"]
[BlackElo "2255"]
[PlyCount "99"]
[EventDate "2010.07.25"]
[EventType "swiss"]
[EventRounds "9"]
[EventCountry "YUG"]
[SourceTitle "CBM 137 Extra"]
[Source "ChessBase"]
[SourceDate "2010.09.01"]
[SourceVersion "1"]
[SourceVersionDate "2010.09.01"]
[SourceQuality "1"]

1. d4 Nf6 2. c4 d6 3. Nc3 Nbd7 4. e4 e5 5. Nf3 Be7 6. Be2 0-0 7. 0-0 c6 8. Qc2 a6 9. Rd1 Qc7 10. Bg5 b5 11. cxb5 cxb5 12. Rac1 Qb8 13. Nd5 Nxd5 14. exd5 Bxg5 15. Nxg5 Nf6 16. dxe5 dxe5 17. d6 Bb7 18. Qb3 Bc8 19. Rc7 Bd7 20. Qe3 Qe8 21. Bf3 Rd8 22. Rc5 e4 23. Nxe4 Qe6 24. Nxf6+ Qxf6 25. Qd4 Qe6 26. b4 Qxa2 27. h3 Qe6 28. Bb7 Qg6 29. Kh2 Rfe8 30. Bxa6 Re4 31. Qd2 Rb8 32. Bxb5 Bxb5 33. Rxb5 Rd8 34. d7 h6 35. Rc5 Qe6 36. b5 Ra4 37. g3 Ra7 38. Rd5 Qb6 39. Kg2 Qb7 40. Kg1 Kh7 41. Qe3 Qb8 42. b6 Rb7 43. Rd6 Kg8 44. Qc5 Kh7 45. h4 Kg8 46. h5 Qa8 47. Qc6 Kf8 48. Re1 Rbb8 49. b7 Qxb7 50. Re8+ 1-0

[Event "SRB-chT Cup"]
[Site "Sombor"]
[Date "2009.05.22"]
[Round "5"]
[White "Dumic, Marko"]
[Black "Srdjanov, Stevan"]
[Result "1/2-1/2"]
[WhiteElo "2212"]
[BlackElo "2273"]
[PlyCount "68"]
[EventDate "2009.05.19"]
[EventType "team"]
[EventRounds "7"]
[EventCountry "YUG"]
[SourceTitle "CBM 130 Extra"]
[Source "ChessBase"]
[SourceDate "2009.07.02"]
[SourceVersion "2"]
[SourceVersionDate "2009.07.15"]
[SourceQuality "1"]

1. d4 Nf6 2. c4 d6 3. Nc3 Nbd7 4. e4 e5 5. Nf3 Be7 6. Be2 c6 7. 0-0 0-0 8. Qc2 a6 9. Rb1 b5 10. Re1 Bb7 11. dxe5 dxe5 12. b4 Qb8 13. h3 Re8 14. c5 Nf8 15. Nd1 Ng6 16. Bb2 Bf8 17. Bf1 Bc8 18. Ne3 Nf4 19. Kh2 g6 20. g3 N4h5 21. Bg2 Ra7 22. Nf1 a5 23. a3 axb4 24. axb4 Nd7 25. Ra1 Rxa1 26. Rxa1 Ng7 27. Bc3 Ne6 28. Qb2 Bg7 29. Ne3 f6 30. h4 Ndf8 31. Nd2 Rd8 32. Nb3 Qc7 33. Rd1 Rxd1 34. Nxd1 Nd8 1/2-1/2

[Event "Backa Palanka op 2nd"]
[Site "Backa Palanka"]
[Date "2001.05.04"]
[Round "3"]
[White "Sanduleac, Vasile"]
[Black "Srdjanov, Stevan"]
[Result "1/2-1/2"]
[WhiteElo "2457"]
[BlackElo "2186"]
[PlyCount "118"]
[EventDate "2001.05.02"]
[EventType "swiss"]
[EventRounds "9"]
[EventCountry "YUG"]
[SourceTitle "EXT 2002"]
[Source "ChessBase"]
[SourceDate "2001.11.25"]
[SourceVersion "1"]
[SourceVersionDate "2001.11.25"]
[SourceQuality "1"]

1. e4 d6 2. d4 Nf6 3. Nc3 g6 4. Be2 Bg7 5. Nf3 0-0 6. 0-0 c6 7. a4 a5 8. h3 Na6 9. Bg5 Nb4 10. Qd2 d5 11. exd5 cxd5 12. Bxf6 Bxf6 13. Nd1 Bg7 14. Ne3 h6 15. Rfe1 Na6 16. c3 Nc7 17. Bd3 Ne8 18. Ne5 Nf6 19. f4 e6 20. g4 Nd7 21. Qf2 Nxe5 22. fxe5 Bd7 23. Rf1 Qe8 24. Qc2 b5 25. axb5 Bxb5 26. Rf2 Bxd3 27. Qxd3 f6 28. exf6 Rxf6 29. Rxf6 Bxf6 30. Re1 Qf7 31. Rf1 Qg7 32. Qb5 Rf8 33. Qa6 Qe7 34. Ng2 e5 35. dxe5 Qxe5 36. Qxa5 d4 37. Qa2+ Kg7 38. Qc4 dxc3 39. bxc3 Qxc3 40. Qxc3 Bxc3 41. Nf4 Rf6 42. Kg2 Be5 43. Nd3 Rxf1 44. Kxf1 Bd6 45. Ke2 g5 46. Kf3 Kg6 47. Ke4 h5 48. Kd5 hxg4 49. hxg4 Bf4 50. Ke6 Bg3 51. Nb4 Bf4 52. Nd5 Bc1 53. Ne7+ Kg7 54. Kf5 Kf7 55. Nc6 Be3 56. Nd8+ Ke8 57. Ne6 Kf7 58. Nxg5+ Bxg5 59. Kxg5 Kg7 1/2-1/2

[Event "YUG-chT"]
[Site "Budva"]
[Date "1996.??.??"]
[Round "6"]
[White "Srdjanov, Stevan"]
[Black "Danilovic, Milorad"]
[Result "0-1"]
[WhiteElo "2200"]
[BlackElo "2340"]
[PlyCount "92"]
[EventDate "1996.??.??"]
[EventType "team"]
[EventRounds "6"]
[EventCountry "YUG"]
[SourceTitle "CBM 053 Extra"]
[Source "ChessBase"]
[SourceDate "1996.09.01"]
[SourceVersion "1"]
[SourceVersionDate "1996.09.01"]
[SourceQuality "1"]

1. Nf3 Nf6 2. d3 g6 3. e4 d6 4. Be2 Bg7 5. Nbd2 c5 6. c3 Nc6 7. 0-0 0-0 8. a3 Nh5 9. g3 Bh3 10. Re1 h6 11. Nh4 Nf6 12. f4 Qd7 13. Nf1 e5 14. Ne3 d5 15. Bf3 dxe4 16. dxe4 exf4 17. Qxd7 Bxd7 18. gxf4 Rfe8 19. e5 Nh7 20. Nc4 g5 21. Ng2 gxf4 22. Bxf4 Ng5 23. Bxg5 hxg5 24. Nd6 Rxe5 25. Nxb7 Rb8 26. Rxe5 Nxe5 27. Be4 Bc6 28. Bxc6 Nxc6 29. Nxc5 Rxb2 30. Ne4 g4 31. Rd1 Ne5 32. Nh4 Ra2 33. c4 Rxa3 34. Rd8+ Kh7 35. Rd6 Rd3 36. c5 Rxd6 37. cxd6 Nd7 38. Nf5 a5 39. Kg2 Be5 40. h3 gxh3+ 41. Kxh3 a4 42. Ne3 a3 43. Nc2 a2 44. Kg4 Kg6 45. Kf3 a1Q 46. Nxa1 Bxa1 0-1

[Event "YUG-Cup 36th"]
[Site "Becici"]
[Date "1993.05.20"]
[Round "4"]
[White "Martinovic, Slobodan"]
[Black "Srdjanov, Stevan"]
[Result "1-0"]
[WhiteElo "2465"]
[BlackElo "2255"]
[PlyCount "119"]
[EventDate "1993.??.??"]
[EventType "team"]
[EventRounds "6"]
[EventCountry "YUG"]
[SourceTitle "EXT 2000"]
[Source "ChessBase"]
[SourceDate "1999.11.16"]
[SourceVersion "1"]
[SourceVersionDate "1999.11.16"]
[SourceQuality "1"]
[WhiteTeam "Obod/Cetinje"]
[BlackTeam "Elan/Srbobran"]
[WhiteTeamCountry "YUG"]
[BlackTeamCountry "YUG"]

1. e4 d6 2. d4 c6 3. Bd3 e5 4. c3 Nf6 5. Ne2 Nbd7 6. 0-0 Be7 7. Ng3 Nf8 8. f4 exf4 9. Bxf4 Ng6 10. Bd2 Bg4 11. Qc2 Qc7 12. Na3 0-0 13. Rae1 Rae8 14. Nc4 d5 15. exd5 Nxd5 16. Nf5 Bf6 17. Nce3 Nxe3 18. Bxe3 Kh8 19. Qf2 Qd8 20. Qd2 b6 21. h3 Bxf5 22. Bxf5 Bh4 23. Rd1 Bg3 24. Bg4 Bc7 25. Kh1 Qd6 26. Bg1 Re7 27. c4 Rd8 28. b4 Bb8 29. c5 bxc5 30. bxc5 Qc7 31. Qf2 Rf8 32. Bf3 f5 33. Rb1 Rd7 34. Rb4 Ne7 35. Rfb1 Nd5 36. Bxd5 cxd5 37. Qb2 Rdd8 38. Rb7 Qg3 39. Rb3 Qc7 40. Rb7 Qg3 41. Qb4 Rde8 42. Rb3 Qf4 43. Qc3 g5 44. Qf3 Qxf3 45. gxf3 h5 46. Bf2 g4 47. hxg4 fxg4 48. fxg4 hxg4 49. Kg1 Bh2+ 50. Kxh2 Rxf2+ 51. Kg3 Rxa2 52. Rd7 a5 53. Rxd5 a4 54. Rc3 Ra8 55. c6 Re2 56. c7 Ree8 57. Rg5 Rac8 58. d5 Re4 59. d6 Rd4 60. Rc2 1-0